000 00758nam a2200265Ia 4500
001 Para_4819
003 CHAP
008 220125s1817 xx 000 0 und d
010 _a203260
040 _cCHAP
090 _aPA FOLLETO 2221
245 _aThe handling and storage of apples in the pacific northwest /
_c by H. J. Ramsey [et.al]
260 _aWashington :
_b Department of Agriculture
300 _a32 p.
440 _aEUA. Dep. of Agri. Bull.; 587
_9168950
650 _aManzana
_x Almacenamiento
_970733
700 _aRamsey, H. J.
_994538
901 _aPA FOLLETO 2221
902 _aA
905 _a0000001817 WAS 0000000000 00
910 _a1817
942 _cPARA
942 _cPARA
_d1
999 _c203260
_d203260